000 005640000a22001930004500
001 768714001
003 CO-MdFUSB
005 20170610094420.0
008 170610s2005 cr ||||| |||| 00| 0 spa d
022 _a1409-1968
040 _aCO-MdFUSB
_bspa
_cCO-MdFUSB
_dCO-MdFUSB
041 _aspa
100 1 _aShaw, Chris
_eautor
245 1 0 _aGozo completo
300 _aVolumen 23. Número 1 (2005), Página 6
_c27 cm.
546 _aTexto en español
773 0 _tApuntes Pastorales
_049442
_960141
_gVolumen 23. Número 1 (2005), Página 6
_qPágina 6
942 _cANA
999 _c60849
_d60849